• 首页
  • 本馆介绍
  • 公告通知
  • 最新文献
  • 馆藏检索
  • 电子资源
  • 读者导购
  • 参考咨询
  • 我的图书馆
  • 登录
  • 详细信息显示
  • 放入我的书架
  • 预约/预借图书
  • 作者相关作品
  • 分类相关作品
  • 丛书相关作品
  • 出版社相关作品

书目信息

  • 表格格式
  • 工作单格式
  • 卡片格式
书名: Biology of man
作者: mike lyth.
分册号:
分册名:
出版地: [S.l.] :
 
出版社: Hart-Davis Educational
出版时间: 19--?.
页数: 47 p. :
开本: 20020930
丛书名:
中图分类号:
科图分类号:
其他分类号: N44
主题词:
电子资源:
000 00563nam 2200193 a 4500
001 E0737265945
005 20070429143331.04
008 @1 uu
040    @aNLC
049    @aN5LA
090    @a2/R33-44/LM///////////////*964750/964751/ cop.2
090    @aN44
096    @aR33-44 @v2
099    @dN44@ex7:1
100 1  @aLyth, Mike.
245 10 @aBiology of man :@bscience testers / @cmike lyth.
260    @a[S.l.] :@bHart-Davis Educational,@c19--?.
300    @a47 p. :@b00 ;@c20020930@lNLC09@h2245@lNLC09@h2249@lNLC09@h1840
852 9  @bWWJC @cJ08S @k2 @hR33-44 @iLM
    
    Biology of man : : science testers / / mike lyth.-[S.l.] : : Hart-Davis Educational, , 19--?.
    47 p. : : 00 ; ; 20020930
    
    
    ISBN
    
●
相关链接 在E读中查询图书 在五车中查询图书 在当当中查询图书 在豆瓣中查询图书


正题名:Biology of man     索取号:N44/x7:1         预约/预借

序号 登录号 条形码 馆藏地/架位号 状态 备注
1 181899   000455821   第二样本阅览室/ [索取号:N44/x7:1] 在馆    
2 181900   000455901   第四借阅区/ [索取号:N44/x7:1] 在馆    
唐山师范学院图书馆 欢迎您!
大连网信软件有限公司© 版权所有